000 00483nam a22001697a 4500
005 20251108164014.0
008 250721s9999 xx 000 0 ara d
082 1 4 _a192/راس
100 1 _aبرتراند، راسل
245 1 0 _aالعالم كما أراه /
264 1 _aالقاهرة :
_bدار الهلال،
_c[19-].
300 _a170ص
650 1 7 _aالفلسفة الإنجليزية
700 1 _aلوقا، نظمي
_eترجمة
942 _2ddc
_cBK
999 _c1243
_d1243